000
00249nam a22001217a 4500
999
_c
13309
_d
13309
020
_a
969-428-060-5
082
_a
297
_b
10391
100
_a
Mukhtar Badri
245
_a
Islam
260
_a
Karachi
_b
Daar Ul Ishaat
_c
2004
300
_a
392
942
_c
BK